00657nam a2200169Ia 4500003000200000005001700002008004100019050002600060100002500086245007800111260008600189300002900275521002700304942001200331999001900343952012500362020250214145043.0140724s9999 xx 000 0 und d aT 57.6.A1b.D542 2008 aDiaz, Mark Gerard E. aOnline ordering system of Hongly Automotive parts /cMark Gerard E. Diaz. aLas Piñas, Philippines :bSouthville International School and Colleges,cc2008. a122 p. :bill. ;c28 cm. aInformation Technology cTH2lcc c229287d229287 00102lcc40aCLbCLcTHESESd2014-07-24eDONATIONl0oT 57.6.A1 .D542 2008 pT0641r2017-03-23 00:00:00w2014-07-24yTH